书目信息 |
| 题名: |
商品流通经济学
|
|
| 作者: | 叶万春 主编 | |
| 分册: | ||
| 出版信息: | 武汉 武汉工业大学出版社 1998.8 |
|
| 页数: | 428页 | |
| 开本: | 20cm | |
| 丛书名: | ||
| 单 册: | ||
| 中图分类: | F7 | |
| 科图分类: | ||
| 主题词: | 商业经济 | |
| 电子资源: | ||
| ISBN: | 7-5629-1376-5 | |
| 000 | 00542nam0 2200193 45 | |
| 001 | 8032780423 | |
| 005 | 20061213104555.85 | |
| 010 | @a7-5629-1376-5@dRMB 18.00 | |
| 100 | @a19800224d1998 km y0chiy0120 ea | |
| 101 | 0 | @achi |
| 102 | @aCN@b420000 | |
| 200 | 1 | @a商品流通经济学@Ashang pin liu tong jing ji xue@f叶万春主编@Fye wan chun zhu bian |
| 210 | @a武汉@c武汉工业大学出版社@d1998.8 | |
| 215 | @a428页@d20cm | |
| 606 | 0 | @a商业经济 |
| 690 | @aF7@v3 | |
| 701 | 0 | @a叶万春@Aye wan chun@4主编 |
| 801 | 0 | @aCN@bPFT@c20061213 |
| 905 | @dF7@eY456 | |
| 商品流通经济学/叶万春主编.-武汉:武汉工业大学出版社,1998.8 |
| 428页;20cm |
| ISBN 7-5629-1376-5:RMB 18.00 |
| ● |
| 相关链接 |
|
|
|
正题名:商品流通经济学
索取号:F7/Y456
 
预约/预借
| 序号 | 登录号 | 条形码 | 馆藏地/架位号 | 状态 | 备注 |
| 1 | 362264 | 203622641 | 社科库409/409社科库 40排4列3层/ [索取号:F7/Y456] | 在馆 | |
| 2 | 444230 | 204442308 | 管理学院资料室/ [索取号:F7/Y456] | 在馆 |